| 000 | 003900000a22001690004500 | ||
|---|---|---|---|
| 003 | LK-CoMWRAF | ||
| 008 | 230817t ||||| |||| 00| 0 eng d | ||
| 020 | _a9559052411 | ||
| 040 |
_aLK-CoMWRAF _dLK-CoMWRAF _eLK-CoMWRAF |
||
| 041 | _aeng | ||
| 082 |
_a355 _bFER |
||
| 100 | _aFernando, Ramani | ||
| 245 |
_athe gift _b |
||
| 260 |
_aColombo _bCENWOR _c1996 |
||
| 300 | _ap.18 | ||
| 942 | _cBK | ||
| 999 |
_c2477 _d2477 |
||